| 000 | 00922nam a22001937a 4500 | ||
|---|---|---|---|
| 999 |
_c21009 _d21009 |
||
| 003 | AR-CdUCM | ||
| 008 | 190724b ||||| |||| 00| 0 spa d | ||
| 040 |
_aMUNICIPALIDAD PROVINCIAL DEL CUSCO _cBIBLIOTECA MUNICIPAL DEL CUSCO |
||
| 082 |
_aC / 920 / _bC38 |
||
| 100 |
_aCavero Alosilla, Jorge Washington _943801 |
||
| 245 | _aMemoria del señor presidente de la corte superior de justicia del Cuzco y Madre de Dios DR. Jorge Wasington Cavero Alosilla / | ||
| 260 |
_aCuzco : _bGarcilaso, _c1969. |
||
| 300 |
_a147 páginas ; _c21 cm. |
||
| 505 | _aContenido :Recomendaciones para una nueva Justicia Indígena -- El impulso procesal y el control de la prueba judicial -- Labores de la corte -- Discursos -- Reglamentos y proyectos -- Labor administrativa y judicial -- Gestiones e informes -- Expresiones de estimulo ... | ||
| 650 |
_aMemorias _9235 |
||
| 650 |
_aJusticia _97448 |
||
| 942 |
_2ddc _cLIBROS |
||
| 945 | _azta | ||